000 00803nam a2200241 i 4500
001 bg
245 0 0 _aEncyklopedia geograficzna świata.
_n[T.10],
_pPolska /
_c[aut. tomu Jarosław Balon et al. ; aut. Adam Jelonek ; red. Zdzisława Otałęga et al.].
260 _aKraków :
_bPPWK :
_bOPRES,
_c1997.
300 _a430, [1] s. :
_bfot. kolor., mapy kolor., rys. (w tym kolor.), wykr. kolor.;
_c25 cm.
504 _aBibliogr. s. 421-425. - Indeks.
651 9 _aPolska
_xgeografia
655 _aEncyklopedie
700 1 _aJELONEK, Adam.
_eRed.
700 1 _aOTAŁĘGA, Zdzisława.
_eRed.
700 1 _aBALON, Jarosław.
020 _a838590932X
040 _cBPK
041 0 _apl
080 _a914.38(03)
920 _a83-85909-32-X
942 _cKS
008 s pl f |000 0 pol
999 _c32460
_d32460
856 _uhttp://koha.tu.koszalin.pl/cgi-bin/koha/opac-detail.pl?biblionumber=32460
_yKatalog online BPK